01263nam a2200253Ia 4500003000900000008004100009020001800050040001600068080002400084111007400108245028800182260004800470300001400518490005900532650004500591650004600636650005200682700003500734700002900769710004500798942000700843999001700850952014200867IN-BaIIA211028s9999 xx 000 0 eng d a0-521-84758-3 cIIA Library a524.834(082.2)bPLA aSpace Telescope Science Institute SymposiumcUSAd2004 May 3-6930501 0aPlanets to cosmology-essential science in the final years of the hubble space telescopebproceedings of the space telescope science institute symposium held in Baltimore, USA, 3--6 May 2004cedited by Mario Livio and Stefano Casertano  aCambridgebCambridge University Pressc2006 axi, 203p. aSpace telescope science institute symposium series; 18 aAstronomy - research - congresses930502 aHubble space telescope(Spacecraft)930503 aSpace telescopes - research - congresses930504 aCasertano, Stefano, ed.917393 aLivio, Mario, ed.913149 aSpace telescope science institute922572 cBK c16441d16441 00104070aBANbBANcGENd2007-03-12eFBB g5290.80l0o524.834(082.2)/ PLAp17363r2021-11-05v5290.80w2007-03-12yBKGRs. 5290.80